Tourcoing : Culture Générale - Quiz spécial n°200 - Statistiques

Statistiques générales
  • Ce quiz a été pris 194 fois
  • Le résultat moyen est 10 sur 20
Statistiques - réponses
Indice Réponse % Correct
Pays frontalier avec la ville Belgique
99%
Métropole à laquelle la ville appartient Lille
97%
Autre ville frontalière, avec laquelle Tourcoing est souvent évoquée Roubaix
88%
Ancien maire devenu ministre de l'Intérieur en 2020 Gérald Darmanin
81%
Nombre d'habitants approximatif (en milliers, avec 10% de marge d'erreur) 98 626
75%
Près de 5% des habitants de la ville sont nés dans ce pays Algérie
66%
Seule ville frontalière étrangère Mouscron
66%
Domaine grâce auquel Tourcoing s'est développée pendant l'aire industrielle Textile
58%
Centre hospitalier où se trouve le terminus de la Ligne 2 du métro, nommé d'après un maire resté au pouvoir de 1899 à 1919 CH Dron
56%
Structure typique du Nord, bâtie au-dessus de la Chambre du Commerce Beffroi
43%
A Tourcoing, il était égal à 23,6% en 2014 Taux de chômage
40%
Compétition sportive remportée par un club partagé entre cette dernière et Tourcoing en 1947 Division Nationale (Ligue 1)
38%
Principale église, au coeur du centre-ville, construite en 1130 Eglise Saint-Christophe
38%
Quartier mis en valeur par des adolescents dans une sorte de rap devenu viral Phalempins
37%
Nommez l'une des deux rivières reliées par le canal de Roubaix, dont le canal de Tourcoing en est une ramification La Deûle ou l'Escaut
36%
Ville allemande dont l'arrondissement principal est jumelé avec Tourcoing Berlin
21%
Surnom de la commune, péjoratif au 19ème siècle Cité du Broutteux
14%
Sportif ayant été élu "meilleur pongiste français du siècle" mort en 2020 dans la ville Jacques Secrétin
11%
Poète local actif au tournant du 20ème siècle, qui contribua à redorer l'image de ce surnom Jules Watteeuw
5%
L'un des 5 "quartiers" de la baronnie auquel Tourcoing appartenait autrefois, dont le chef-lieu était à Comines Ferrain
4%
Aucun quiz correspondant
Distribution des résultats
% des personnes avec chaque résultat
Percentile par nombre de réponses
Votre historique - résultats
Vous n’avez pas pris ce quiz